000 00697nam a2200253Ia 4500
999 _c56485
_d56485
001 23598
003 GE_BSU
005 20191007142217.0
008 181216s2015||||en |||||||||||||| ||eng||
020 _a9781118745083
040 _cGE_BSU
041 _aeng
080 _a72 Ch-52
100 _aChing, Francis D. K.
_94568
245 _aArchitecture: Form, Space, and Order /
_cFrancis D. K. Ching
250 _aFourth edition
260 _aHoboken
264 _aHoboken :
_bWiley,
_c2015.
300 _a447 p.:
_b ill ;
_c28 cm.
653 _aArchitecture: Form, Space, and Order
653 _aАрхитектура
653 _aარქიტექტურა
942 _cBK
_2udc